International psychological science : progress, problems and prospects
Saved in:
| Corporate Author: | |
|---|---|
| Other Authors: | |
| Format: | Book |
| Language: | English |
| Published: |
Washington :
American Psychological Association,
1992
|
| Subjects: | |
| Tags: |
Add Tag
No Tags, Be the first to tag this record!
|
MARC
| LEADER | 00000nam a2200000 i 4500 | ||
|---|---|---|---|
| 001 | 1/72687 | ||
| 008 | 970820s1992 eng d | ||
| 020 | |a 1-55798-168-X | ||
| 035 | |a 1993 |b 3 |c Πολεμικός |l 10031311 | ||
| 040 | |a GR-MY-UA |b gre |e aacr | ||
| 041 | 0 | |a eng | |
| 082 | 0 | |a 150.9049 | |
| 245 | 1 | 0 | |a International psychological science : |b progress, problems and prospects / |c edited by Mark R. Rosenzweig |
| 260 | |a Washington : |b American Psychological Association, |c 1992 | ||
| 300 | |a 306 p. | ||
| 500 | |a Published under the auspices of the International Union of Psychological Science | ||
| 504 | |a Περιέχει βιβλιογραφικές παραπομπές και ευρετήριο | ||
| 650 | 0 | 0 | |a Psychology. |
| 700 | 1 | |a Rosenzweig, Mark R. |4 edt | |
| 710 | 2 | |a International Union of Psychological Science. | |
| 852 | |a INST |b RHODES |e 19970820 |h 150.9049 INT |p 005400010122 |q 005400010122 |t BK |y 0 | ||
| 909 | |a Ρ |b 032293 |c 1993 | ||